Knižnica školákov

Bibliographic Details
Format: Book
Language:Undetermined
PhysicalDescription:36 s.
Published: Myjava Daniel Pažický 1913
Edition:1. vyd.

MARC

LEADER 00000nam a2200000 a 4500
001 vtls001486339
003 SK-MaSNL
005 20260223223416.0
008 180810s1913 xx 0 und
035 |a SNK000441632 
040 |a SNK  |b slo  |c SNK  |e AACR2 
041 0 |a und 
044 |a xx 
245 1 |a Knižnica školákov 
250 |a 1. vyd. 
260 |a Myjava  |b Daniel Pažický  |c 1913 
300 |a 36 s. 
958 |a ONDV 
999 |c 732579  |d 734509 
952 |t P60, <04>, [BOOK], {604}  |a SNK  |b SNK  |y VYP  |7 0  |p 17A0452211  |o snkSD 1676/2/4 D1  |i snkK 2766/77  |0 0  |1 0  |4 0  |d 2004-11-30  |l 0  |r 2005-01-02 00:00:00  |w 2026-02-23